| 000 | 00486nam a2200121Ia 4500 | ||
|---|---|---|---|
| 008 | 220512s9999 xx 000 0 eng d | ||
| 100 | _aGuwahati, Manikuntala Mahila Unnayan Kendra | ||
| 245 | 0 |
_aProspects of Development of Tourism in North East India / _cGuwahati, Manikuntala Mahila Unnayan Kendra |
|
| 260 |
_aKharghuli, Guwahati : _bManikuntala Mahila Unnayan Kendra, _cJun-05 |
||
| 500 | _aReport of the Proceedings of Workshop, sponsored by ICSSR | ||
| 546 | _aEnglish | ||
| 942 | _cPR | ||
| 999 |
_c36045 _d36045 |
||